Reseña historica de la beneficencia española: principios que convendra seguir para enlazar la caridad privada con la Beneficencia pública ; hasta donde deben estender [sic] su acción el Estado ; las Asociaciones ... / (Record no. 151548)

MARC details
000 -LEADER
campo de control de longitud fija 00901nam a2200169 i 4500
001 - NÚMERO DE CONTROL
campo de control 151548
003 - IDENTIFICADOR DE NÚMERO DE CONTROL
campo de control ES-MaACL
005 - FECHA Y HORA DE LA ÚLTIMA TRANSACCIÓN
campo de control 20230906204244.0
008 - DATOS DE LONGITUD FIJA--INFORMACIÓN GENERAL
campo de control de longitud fija 970418s1862 sp |||| | spa d
040 ## - FUENTE DE CATALOGACIÓN
Centro catalogador/agencia de origen CLM
Lengua de catalogación spa
Centro/agencia transcriptor CLM
100 0# - ENTRADA PRINCIPAL--NOMBRE DE PERSONA
Nombre de persona Arias de Miranda, José.
9 (RLIN) 22773
245 10 - MENCIÓN DEL TÍTULO
Título Reseña historica de la beneficencia española: principios que convendra seguir para enlazar la caridad privada con la Beneficencia pública ; hasta donde deben estender [sic] su acción el Estado ; las Asociaciones ... /
Mención de responsabilidad, etc. José Arias Miranda.
260 ## - PUBLICACIÓN, DISTRIBUCIÓN, ETC.
Lugar de publicación, distribución, etc. Madrid :
Nombre del editor, distribuidor, etc. [s.n.],
Fecha de publicación, distribución, etc. 1862 (
Fabricante Imprenta del Colegio de Sordo-Mudos y de ciegos)
300 ## - DESCRIPCIÓN FÍSICA
Extensión X, 164 p. ;
Dimensiones 26 cm.
500 ## - NOTA GENERAL
Nota general Obra laureada con el accessit por la Real Academia de Ciencias Morales y Políticas en el concurso de 1860.
852 ## - LOCALIZACIÓN
Ubicación ES-MaACL
Número de control de estantería F-M-III-O (I)
Nota libre -- Enc. pasta española
condición física -- Falto de la cub. original
Nota libre -- Enc. en un vol. facticio
Holdings
Estatus retirado Estado de pérdida Estado de daño No para préstamo Colección Biblioteca de origen Biblioteca actual Ubicación en estantería Fecha de adquisición Fuente de adquisición Total de préstamos Signatura topográfica completa Código de barras Visto por última vez Precio de reemplazo Tipo de ítem Koha
        Libros del s. XIX Biblioteca del Ateneo de Madrid Biblioteca del Ateneo de Madrid Administración 17/01/2008     F-M-III-O (I) 1158132 23/02/2023 23/02/2023 Libro impreso antiguo